Loading...

കടല്‍പ്പക്ഷികള്‍

Bibliographic Details
Main Authors: ജോസ് ആന്റണി, Jos Antony
Format: Printed Book
Published: Kottayam; National Book Stall; 1990
Edition:1st
Subjects:
LEADER 00721nam a22001817a 4500
082 |a 894.M3  |b JOS17/K N0 
100 |a ജോസ് ആന്റണി;  |9 9684 
100 |a Jos Antony  |9 8004 
240 |a Kadalppakshikal 
245 |a കടല്‍പ്പക്ഷികള്‍ 
250 |a 1st 
260 |a Kottayam;  |b National Book Stall;  |c 1990 
300 |a 166p. 
650 |a മലയാളം; മലയാളം നോവല്‍  |9 3 
650 |a Malayalam; Malayalam Novel; Literature; Malayalam Fiction  |9 9685 
942 |c BK 
999 |c 32430  |d 32430 
952 |0 0  |1 0  |4 0  |6 894_000000000000000_M3_JOS17_K_N0  |7 0  |8 FIC  |9 35810  |a MAL  |b MAL  |d 2015-05-11  |e 36561  |g 25.00  |l 0  |o 894.M3 JOS17/K N0  |p MAL036561  |r 2015-05-11  |t 1  |w 2015-05-11  |y BK